Wird geladen...
Index to plays in collections: An author and title index to plays appearing in collections published /
| 1. Verfasser: | |
|---|---|
| Format: | Printed Book |
| Sprache: | English |
| Ausgabe: | 4th ed. |
| LEADER | 00486nam a2200121Ia 4500 | ||
|---|---|---|---|
| 008 | 150624b xxu||||| |||| 00| 0 eng d | ||
| 082 | |a 808.82016 | ||
| 100 | |a Ottemiller, John H. | ||
| 245 | |a Index to plays in collections: |b An author and title index to plays appearing in collections published / |c John H. Ottemiller | ||
| 250 | |a 4th ed. | ||
| 942 | |c REF | ||
| 999 | |c 63169 |d 63169 | ||
| 952 | |0 0 |1 0 |2 ddc |4 0 |6 808_820160000000000_IND |7 0 |9 63146 |a UL |b UL |c Ref2 |d 2012-10-27 |l 0 |o 808.82016 IND |p G2108 |r 2012-10-27 |y REF | ||